000 00850nam a2200217Ii 4500
003 JO-AjNU
008 230605s9999||||xx |||||||||||||| ||und||
040 _aJO-AjNU
_bara
_erda
_cJO-AjNU
041 _aara
050 1 4 _aDS99 .D3.D5588 1984
100 3 _aتاليف الدمشقي، محمد حسين العطا؛ ضبط وتحقيق سبانو، احمد غسان ,
_eauthor
_914696
245 0 0 _aعلم المياه الجارية في مدينة دمشق أو رسالة في علم المياه
250 _aط1
264 3 1 _aدمشق: دار قتيبة،1984
300 _a315ص
_bصور توضيحية
336 _atext
_btxt
_2rdacontent
337 _aunmediated
_bn
_2rdamedia
338 _avolume
_bnc
_2rdacarrier
490 0 _aسلسلة وثائق دراسات الشام؛ 4
650 4 _aدمشق -المياه- تاريخ
_914697
999 _aA3980
_c7548
_d7548